000 00693nam a2200253Ia 4500
003 OSt
005 20220918174050.0
006 a|||||r|||| 00| 0
007 ta
008 220917b |||||||| |||| 00| 0 eng d
024 _a10,285
037 _cTextual
040 _aARTS
_cARTS
_beng
041 _2eng
_aeng
082 _aR1, L8
100 _aFacione Peter A
_948994
245 0 _aLogic and logicl thinking
_ba modular approach
260 _aNew York
_bMcgraw Hill Book Company
_c1978
300 _axii,495p
_ccm.
650 _aPHILOSOPHY
700 _a Scherer Donald
_948995
942 _hR1, L8
_cTEXL
_2CC
999 _c151659
_d151659